| 000 | 00559nam a22001817a 4500 | ||
|---|---|---|---|
| 999 |
_c184007 _d184007 |
||
| 005 | 20220110150222.0 | ||
| 010 | _aENG-131057 | ||
| 020 |
_a978-93-528-38-707 _c410.00 |
||
| 035 | _aEN-114589 | ||
| 037 | _bDBAD | ||
| 082 | _a657.2 | ||
| 100 | _aWason, V. | ||
| 245 |
_aBook Keeping: _cV. Wason _bPart B : Accounting for Companies/ |
||
| 260 |
_aNew Delhi _bS Chand School Books _c2013 |
||
| 270 |
_bNew Delhi _aA-27, 2nd Floor, Mohan Co-operative Industrial Estate _e110044 |
||
| 300 |
_a354p. _c24cm(pbk) |
||
| 942 |
_2ddc _cEN _h657.2 _mWAS |
||